Emoji flag - Statistics

General Stats
  • This quiz has been taken 24 times
  • The average score is 6 of 15
Answer Stats
Emoji existing Answer % Correct
๐Ÿ‡ฆ๐Ÿ‡น -> ๐Ÿ‡ญ๐Ÿ‡บ Austria-Hungary
81%
๐Ÿ‡จ๐Ÿ‡ฟ -> ๐Ÿ‡ธ๐Ÿ‡ฐ Czechoslovakia
81%
โ™จ๏ธ -> ๐Ÿ‹๏ธโ€โ™‚๏ธ (called Myanmar) Burma
63%
๐Ÿ‹ -> ๐Ÿ‹ Wales
56%
๐Ÿ‘€ -> ๐Ÿƒ Iran
50%
๐Ÿ‡บ๐Ÿ‡ณ -> ๐Ÿคด -> โ›”m United kingdom
50%
๐Ÿ‡บ๐Ÿ‡ณ -> ๐Ÿ—ฝ๐Ÿ—ฝ United states
50%
๐Ÿ‡ฌ๐Ÿ‡ง -> ๐Ÿ‡ป๐Ÿ‡ฎ -> ๐Ÿ๏ธ British Virgin islands
38%
๐Ÿ˜‹ -> ๐ŸŒญ Hungary
25%
โญ• -> ๐Ÿƒ Oman
25%
(๐Ÿ‡ฎ๐Ÿ‡น capital) ๐Ÿ‘จ โ„น๏ธ -> ๐Ÿ…ฐ๏ธ Romania
19%
๐Ÿšช -> ๐ŸฆŒ India
13%
๐Ÿ“ท -> โœŠ -> ๐Ÿ‘‚ Kampuchea
13%
๐Ÿ’ฉ->๐Ÿ›ฌ Poland
13%
$ -> ๐Ÿค• Spain
13%
No matching quizzes found
Score Distribution
Percent of People with Each Score
Percentile by Number Answered
Your Score History
You have not taken this quiz